Le Portugal en questions - Statistiques

Statistiques générales
  • Ce quiz a été pris 504 fois
  • Le résultat moyen est 8 sur 15
Statistiques - réponses
Référence Réponse % Correct
Capitale du pays et ville la plus peuplée Lisbonne
100%
Deuxième ville la plus peuplée du pays, réputée pour son vin Porto
97%
Footballeur très populaire, icône majeur du Portugal Cristiano Ronaldo
88%
Année où le Portugal à gagné l'Euro de l'UEFA 2016
81%
Région dans le sud du Portugal, connue pourson beau temps et ses plages Algarve
77%
Archipel situé dans l'Atlantique Nord, dont les paysagessont très verdoyants et sauvages Açores
68%
Archipel situé près des côtes Africaines Madère
66%
Dessert très populaire, semblable à des petits flans Pastel de nata
61%
Nom de l'hymne national Portugais A Portuguesa
49%
Noms du fleuve traversant la plus grande ville du pays Tage
35%
Ville où est né le Portugal Guimarães
34%
Région du Portugal connue pour ses paysages viticoleset parfois désertiques Alentejo
25%
Nom du championnat de football portugais Liga Bwin
18%
Petites îles situées près de Peniche Iles Berlengas
6%
Nombre d'habitants dans tout le pays (1 million près) 10,3 millions
3%
Aucun quiz correspondant
Distribution des résultats
% des personnes avec chaque résultat
Percentile par nombre de réponses
Votre historique - résultats
Vous n’avez pas pris ce quiz